Business law (Record no. 8692)

MARC details
000 -LEADER
fixed length control field 00496cam a2200205ua 4500
008 - FIXED-LENGTH DATA ELEMENTS--GENERAL INFORMATION
fixed length control field 160317n ii |||gr||||Z||||||eng
020 ## - INTERNATIONAL STANDARD BOOK NUMBER
International Standard Book Number 9789384303099
040 ## - CATALOGING SOURCE
Transcribing agency MAIN
041 ## - LANGUAGE CODE
-- eng
082 ## - DEWEY DECIMAL CLASSIFICATION NUMBER
Classification number 346.07
100 ## - MAIN ENTRY--PERSONAL NAME
Personal name Jain, Payal,
Relator term
245 1# - TITLE STATEMENT
Title Business law
Statement of responsibility, etc. by Payal Jain
250 ## - EDITION STATEMENT
Edition statement 2nd rev. ed.
260 ## - PUBLICATION, DISTRIBUTION, ETC.
Place of publication, distribution, etc. Dibrugarh:
Name of publisher, distributor, etc. Mahaveer publications,
Date of publication, distribution, etc. 2015.
300 ## - PHYSICAL DESCRIPTION
Extent 200p.
700 ## - ADDED ENTRY--PERSONAL NAME
Personal name Jain, Amit Kumar,
Relator term
942 ## - ADDED ENTRY ELEMENTS (KOHA)
Koha item type Books
653 ## - INDEX TERM--UNCONTROLLED
Uncontrolled term Private law
Holdings
Withdrawn status Lost status Damaged status Not for loan Home library Current library Shelving location Date acquired Total Checkouts Full call number Barcode Date last seen Date last checked out Copy number Price effective from Koha item type
        Central Library, Naharkatiya College Central Library, Naharkatiya College General Stacks 19/09/2020 9 346.07 | JAI 23204 22/10/2025 25/09/2025 3 19/09/2020 Books
        Central Library, Naharkatiya College Central Library, Naharkatiya College General Stacks 19/09/2020 13 346.07 | JAI 23205 13/11/2025 04/11/2025 2 19/09/2020 Books
        Central Library, Naharkatiya College Central Library, Naharkatiya College General Stacks 19/09/2020 12 346.07 | JAI 23206 04/11/2025 22/10/2025 1 19/09/2020 Books

Naharkatiya College © 2020. All rights reserved.

Powered By